000 00747nam a2200217 a 4500
001 000046890
005 20201002053204.0
008 180405s2016 dr a r 000 0 spa d
020 _a9789945175738
040 _aDO-SdBNP
_bspa
_cBNPHU
082 _axxxx
_bxxxx
245 0 0 _aEducación artística 3 :
_bprimaria 3 /
_cedición Julissa Hernández Hernández ; colaboradora Loela Galaviz García.
260 _aSanto Domingo :
_bSM,
_c2016.
300 _a95 p. :
_bil. ;
_c21 cm.
490 1 _aProyecto conecta
500 _aIncluye notas al pie de las páginas
590 _aInventariado, 2018/BT
700 1 _aHernández Hernández, Julissa,
_eed.
_974826
700 1 _aGalaviz García, Loela,
_ecol.
_974831
830 0 _aProyecto conecta
_974828
999 _c46379
_d46379